|
|
|
|
| LEADER |
00000nam a2200000 i 4500 |
| 001 |
1/79569 |
| 008 |
080331s2008 eng d |
| 020 |
|
|
|a 978-1-84628-654-4
|
| 035 |
|
|
|l 10095997
|
| 040 |
|
|
|a GR-MY-UA
|b gre
|e aacr
|
| 041 |
0 |
|
|a eng
|
| 082 |
0 |
|
|a 004.21
|2 (22)
|
| 100 |
1 |
|
|a Langer, Arthur M.
|
| 245 |
1 |
0 |
|a Analysis and design of information systems /
|c Arthur M. Langer
|
| 250 |
|
|
|a 3rd ed.
|
| 260 |
|
|
|a London :
|b Springer,
|c c2008
|
| 300 |
|
|
|a xiv, 412 σ.;
|b εικ.;
|c 25 εκ.
|
| 504 |
|
|
|a Βιβλιογραφία : σ. [404-408]. Ευρετήριο
|
| 650 |
0 |
0 |
|a Computer software
|x Development.
|
| 650 |
0 |
0 |
|a System analysis.
|
| 852 |
|
|
|a INST
|b CHIOS
|e 20080331
|h 004.21 LAN
|p 005200027485
|q 005200027485
|t BK
|y 0
|
| 901 |
|
|
|a BIBL2-2008-1
|
| 909 |
|
|
|a Χ
|b 151308
|
| 922 |
|
|
|a 2ΕΛΗ
|b 200803
|c ΕΠΕΑΕΚ2/ΤΜΟΔ
|d ΠΑΠΑΣΩΤΗΡΙΟΥ
|
| 970 |
|
|
|a ΒΑΡΦΗΣ
|b ΒΑΓΓΕΛΗΣ
|z 2008/03/31
|